[Event "Gligoric Cup 8th"]
[Site "Paracin"]
[Date "2022.06.02"]
[Round "3.3"]
[White "Brankovic, Vladislav"]
[Black "Maksimovic, Boban"]
[Result "1-0"]
[WhiteElo "2114"]
[BlackElo "2221"]
[PlyCount "63"]
[EventDate "2022.05.31"]
[EventType "team-swiss"]
[EventRounds "5"]
[EventCountry "SRB"]
[SourceTitle "CBM 208 Extra"]
[Source "ChessBase"]
[SourceDate "2022.07.31"]
[SourceVersion "1"]
[SourceVersionDate "2022.07.31"]
[SourceQuality "1"]
[WhiteTeam "Vreoci Turbina"]
[BlackTeam "Kostolac Rudar"]
[WhiteTeamCountry "SRB"]
[BlackTeamCountry "SRB"]

1. e4 e6 2. d4 d5 3. Nd2 c5 4. Ngf3 cxd4 5. Nxd4 Nc6 6. Nxc6 bxc6 7. Bd3 Nf6 8. 0-0 Be7 9. b3 0-0 10. Bb2 a5 11. Qe2 a4 12. Rad1 Qb6 13. Nf3 axb3 14. axb3 Ra2 15. Bc3 dxe4 16. Bxe4 Qxb3 17. Bxf6 Bxf6 18. Bxh7+ Kh8 19. Bd3 Qa4 20. Ne5 g6 21. Bxg6 fxg6 22. Nxg6+ Kg7 23. Nxf8 Kxf8 24. Qf3 Kg7 25. Qg3+ Kh6 26. Qg8 Ba6 27. Qxe6 Kg6 28. Rd6 Qf4 29. Qxa2 Bxf1 30. Qg8+ Kh6 31. Qh8+ Kg6 32. Qxf6+ 1-0

[Event "SRB-chT 1st League"]
[Site "Banja Vrujci"]
[Date "2017.09.20"]
[Round "7.5"]
[White "Maksimovic, Boban"]
[Black "Markovic, Zoran S"]
[Result "1/2-1/2"]
[WhiteElo "2220"]
[BlackElo "2335"]
[PlyCount "37"]
[EventDate "2017.09.16"]
[EventType "team"]
[EventRounds "11"]
[EventCountry "SRB"]
[SourceTitle "CBM 180 Extra"]
[Source "ChessBase"]
[SourceDate "2017.10.06"]
[SourceVersion "1"]
[SourceVersionDate "2017.10.06"]
[SourceQuality "1"]
[WhiteTeam "Kostolac Rudar"]
[BlackTeam "Petrovac Sloga"]
[WhiteTeamCountry "SRB"]
[BlackTeamCountry "SRB"]

1. Nf3 d5 2. c4 e6 3. g3 Nf6 4. Bg2 Be7 5. 0-0 0-0 6. b3 c5 7. Na3 Nc6 8. d3 b6 9. Bb2 Bb7 10. e3 Rc8 11. Qe2 Rc7 12. Rfd1 Rd7 13. Nc2 Qa8 14. a3 Rfd8 15. cxd5 Nxd5 16. e4 Nc7 17. d4 cxd4 18. Nfxd4 Nxd4 19. Bxd4 1/2-1/2

[Event "SRB-chT2 East"]
[Site "Vrnjacka Banja"]
[Date "2015.10.10"]
[Round "9.46"]
[White "Maksimovic, Boban"]
[Black "Milutinovic, Stefana"]
[Result "1/2-1/2"]
[WhiteElo "2216"]
[BlackElo "2124"]
[PlyCount "42"]
[EventDate "2015.08.28"]
[EventType "team-tourn"]
[EventRounds "11"]
[EventCountry "SRB"]
[SourceTitle "EXT 2022"]
[Source "ChessBase"]
[SourceDate "2021.10.06"]
[SourceVersion "1"]
[SourceVersionDate "2021.10.06"]
[SourceQuality "1"]

1. c4 g6 2. b3 Bg7 3. Nc3 Nf6 4. Bb2 0-0 5. g3 d6 6. d4 c5 7. e3 cxd4 8. exd4 Bg4 9. Qd2 d5 10. Bg2 dxc4 11. bxc4 Nc6 12. h3 Bf5 13. g4 Bd7 14. Nf3 Rc8 15. Ne5 Qa5 16. Nd5 Qxd2+ 17. Kxd2 Nxd5 18. Nxd7 Nb6 19. Nxb6 axb6 20. Kd3 Nxd4 21. Bxb7 Rc7 1/2-1/2

[Event "SRB-chT2 East"]
[Site "Vrnjacka Banja"]
[Date "2015.10.08"]
[Round "6.16"]
[White "Djukic, Nebojsa"]
[Black "Maksimovic, Boban"]
[Result "1/2-1/2"]
[WhiteElo "2174"]
[BlackElo "2216"]
[PlyCount "39"]
[EventDate "2015.08.28"]
[EventType "team-tourn"]
[EventRounds "11"]
[EventCountry "SRB"]
[SourceTitle "EXT 2022"]
[Source "ChessBase"]
[SourceDate "2021.10.06"]
[SourceVersion "1"]
[SourceVersionDate "2021.10.06"]
[SourceQuality "1"]

1. e4 e6 2. d4 d5 3. Nd2 Nf6 4. e5 Nfd7 5. f4 c5 6. c3 Nc6 7. Ndf3 Qb6 8. Qb3 cxd4 9. Qxb6 Nxb6 10. Nxd4 Nxd4 11. cxd4 Bd7 12. Bd2 Rc8 13. b3 Ba3 14. Nf3 a6 15. Bd3 Bb5 16. Bxb5+ axb5 17. Kd1 Nd7 18. Bc1 Bb4 19. Bd2 Ba3 20. Bc1 1/2-1/2

[Event "SRB-chT2 East"]
[Site "Zajecar"]
[Date "2013.10.11"]
[Round "3"]
[White "Maksimovic, Boban"]
[Black "Arandjelovic, Aleksandar Z"]
[Result "1-0"]
[WhiteElo "2194"]
[BlackElo "2068"]
[PlyCount "32"]
[EventDate "2013.10.10"]
[EventType "team-swiss"]
[EventRounds "8"]
[EventCountry "SRB"]
[SourceTitle "EXT 2014"]
[Source "ChessBase"]
[SourceDate "2013.11.20"]
[SourceVersion "1"]
[SourceVersionDate "2013.11.20"]
[SourceQuality "1"]

1. d4 Nf6 2. Nc3 g6 3. e4 Bg7 4. Nf3 0-0 5. g3 d6 6. Bg2 Nc6 7. 0-0 Bg4 8. Bg5 h6 9. Be3 Qc8 10. Ne1 e5 11. d5 Ne7 12. f3 Bh3 13. Bf2 Bxg2 14. Kxg2 Nh5 15. Rc1 b6 16. b4 a5 1-0

[Event "SRB-chT Central"]
[Site "Kraljevo"]
[Date "2011.09.17"]
[Round "1"]
[White "Stankovic, Dejan"]
[Black "Maksimovic, Boban"]
[Result "1/2-1/2"]
[WhiteElo "2281"]
[BlackElo "2228"]
[PlyCount "22"]
[EventDate "2011.09.17"]
[EventType "team-tourn"]
[EventRounds "11"]
[EventCountry "SRB"]
[SourceTitle "CBM 144 Extra"]
[Source "ChessBase"]
[SourceDate "2011.10.28"]
[SourceVersion "1"]
[SourceVersionDate "2011.10.28"]
[SourceQuality "1"]
[WhiteTeam "Celin Kamen"]
[BlackTeam "Rudar"]
[WhiteTeamCountry "YUG"]
[BlackTeamCountry "YUG"]

1. e4 e6 2. d4 d5 3. exd5 exd5 4. Bd3 Bd6 5. Qf3 c6 6. Ne2 Qh4 7. h3 Qf6 8. Nd2 Nd7 9. 0-0 Ne7 10. Re1 0-0 11. c3 Ng6 1/2-1/2

[Event "SRB-chT2 East"]
[Site "Pozarevac"]
[Date "2009.10.09"]
[Round "7.6"]
[White "Maksimovic, Boban"]
[Black "Bradic, Rade"]
[Result "0-1"]
[WhiteElo "2204"]
[BlackElo "1942"]
[PlyCount "104"]
[EventDate "2009.09.06"]
[EventType "team"]
[EventRounds "11"]
[EventCountry "SRB"]
[SourceTitle "EXT 2012"]
[Source "ChessBase"]
[SourceDate "2011.11.24"]
[SourceVersion "1"]
[SourceVersionDate "2011.11.24"]
[SourceQuality "1"]

1. c4 Nf6 2. Nc3 g6 3. g3 Bg7 4. Bg2 d6 5. d4 0-0 6. e4 e5 7. dxe5 dxe5 8. Bg5 c6 9. Qxd8 Rxd8 10. Nf3 Na6 11. 0-0 h6 12. Be3 Ng4 13. Bd2 Be6 14. b3 Nc5 15. Rad1 Nd3 16. h3 Nf6 17. Be3 b6 18. Rd2 Rd7 19. Rfd1 Rad8 20. Bf1 Nc5 21. Bxc5 Rxd2 22. Rxd2 Rxd2 23. Nxd2 bxc5 24. Nf3 Nd7 25. Ne1 Kf8 26. Nd3 Ke7 27. f3 Kd6 28. Kf2 Bf6 29. Ke3 Bd8 30. Nf2 f6 31. h4 Ba5 32. Kd3 Nf8 33. Ncd1 Bd7 34. Ne3 h5 35. a3 Ne6 36. Nc2 Bd8 37. Bh3 Nd4 38. Bxd7 Kxd7 39. Nxd4 cxd4 40. c5 Ke6 41. g4 Be7 42. b4 a5 43. Kc4 axb4 44. Kxb4 f5 45. a4 fxg4 46. fxg4 hxg4 47. Nxg4 Bxh4 48. a5 Be1+ 49. Ka4 Kd7 50. Nxe5+ Kc7 51. Nf3 d3 52. e5 d2 0-1

[Event "SRB-chT2 East"]
[Site "Golubac"]
[Date "2008.09.28"]
[Round "3.1"]
[White "Maksimovic, Boban"]
[Black "Stevic, Zarko"]
[Result "1-0"]
[WhiteElo "2186"]
[BlackElo "2290"]
[PlyCount "111"]
[EventDate "2008.09.14"]
[EventType "team"]
[EventRounds "11"]
[EventCountry "SRB"]
[SourceTitle "EXT 2012"]
[Source "ChessBase"]
[SourceDate "2011.11.24"]
[SourceVersion "1"]
[SourceVersionDate "2011.11.24"]
[SourceQuality "1"]

1. c4 e5 2. Nc3 Nf6 3. g3 Nc6 4. Bg2 d6 5. Nf3 Be7 6. 0-0 0-0 7. d4 Bg4 8. d5 Nb8 9. h3 Bd7 10. e4 Ne8 11. Ne1 f5 12. f4 exf4 13. Bxf4 fxe4 14. Nxe4 Bf5 15. Nc2 c5 16. dxc6 Nxc6 17. Qd5+ Kh8 18. Bg5 Nc7 19. Qd2 d5 20. cxd5 Qxd5 21. Bxe7 Nxe7 22. Ne3 Qxd2 23. Nxd2 Rad8 24. Ndc4 b6 25. Rad1 Be6 26. Rxf8+ Rxf8 27. a3 g6 28. Rd6 Kg7 29. g4 h5 30. Rd4 hxg4 31. hxg4 g5 32. Ne5 Rf4 33. Rd6 Ng6 34. Nxg6 Kxg6 35. Rc6 Rf7 36. Be4+ Kf6 37. Bf5 Ke5 38. Kf2 Bxf5 39. gxf5 Kf4 40. Rxc7 Rxc7 41. Nd5+ Kxf5 42. Nxc7 Ke4 43. Ke2 g4 44. Nb5 a5 45. Nc3+ Kd4 46. Kd2 Kc4 47. Kc2 Kd4 48. Ne2+ Ke3 49. Ng3 Kf4 50. Nf1 b5 51. Kc3 Ke4 52. b3 Ke5 53. Kd3 Kd6 54. Kd4 Kc6 55. b4 axb4 56. axb4 1-0